[Event "Madrid-chT 1920"]
[Site "Madrid"]
[Date "2019.11.30"]
[Round "2.4"]
[White "Alcazar Jimenez, Jesus Alberto"]
[Black "Cabrera Trujillo, Jorge Juan"]
[Result "0-1"]
[WhiteElo "2174"]
[BlackElo "2294"]
[PlyCount "70"]
[EventDate "2019.11.24"]
[EventType "team-tourn"]
[EventRounds "14"]
[EventCountry "ESP"]
[SourceVersionDate "2019.11.24"]
[WhiteTeam "Getafe"]
[BlackTeam "Virgen de Atocha"]
[WhiteTeamCountry "ESP"]
[BlackTeamCountry "ESP"]

1. e4 c5 2. Nf3 d6 3. d4 cxd4 4. Nxd4 Nf6 5. Nc3 a6 6. Be2 g6 7. O-O Bg7 8. a4
O-O 9. Re1 Nc6 10. Nb3 Be6 11. Bf1 Nb4 12. a5 Rc8 13. Ra4 Nc6 14. Nd5 Nd7 15.
f4 Nc5 16. Nxc5 dxc5 17. f5 gxf5 18. Qh5 fxe4 19. Nf4 Nd4 20. Re3 Bf5 21. c3 e5
22. Ne2 Bg6 23. Qh3 Nxe2+ 24. Bxe2 f5 25. Bc4+ Kh8 26. Re1 f4 27. Qg4 Rc6 28.
b3 Bf5 29. Qe2 Rg6 30. Ra2 e3 31. Qf1 Be4 32. Rd1 Rd6 33. Rxd6 Qxd6 34. Qe1 Rf6
35. Re2 Rg6 0-1

[Event "Madrid-chT 1920"]
[Site "Madrid"]
[Date "2019.11.30"]
[Round "2.5"]
[White "Vazquez Torres, Adrian"]
[Black "Garcia Dorado, Alberto"]
[Result "1-0"]
[WhiteElo "2130"]
[BlackElo "2170"]
[PlyCount "63"]
[EventDate "2019.11.24"]
[EventType "team-tourn"]
[EventRounds "14"]
[EventCountry "ESP"]
[SourceVersionDate "2019.11.24"]
[WhiteTeam "Virgen de Atocha"]
[BlackTeam "Getafe"]
[WhiteTeamCountry "ESP"]
[BlackTeamCountry "ESP"]

1. e4 e6 2. b3 d5 3. Bb2 Nf6 4. e5 Nfd7 5. f4 b6 6. Nf3 Ba6 7. Bxa6 Nxa6 8. Qe2
Nb4 9. Na3 c5 10. O-O Be7 11. f5 O-O 12. g4 Nc6 13. Qg2 d4 14. Rae1 exf5 15.
gxf5 f6 16. Ng5 fxg5 17. Qxc6 Rc8 18. Qe4 Re8 19. Nb5 Ra8 20. c3 a6 21. Qd5+
Kh8 22. Nd6 Nxe5 23. Rxe5 Qxd6 24. Qe4 dxc3 25. Bxc3 Kg8 26. Re6 Qd7 27. Re1
Kf8 28. Re3 Rad8 29. Qe5 Bf6 30. Rxf6+ gxf6 31. Qxf6+ Qf7 32. Qh6+ 1-0

[Event "Madrid-chT 1920"]
[Site "Madrid"]
[Date "2019.11.30"]
[Round "2.6"]
[White "Lopez Paniego, Noel"]
[Black "Aguilera Lopez, Alejandro"]
[Result "1/2-1/2"]
[WhiteElo "2045"]
[BlackElo "2114"]
[PlyCount "101"]
[EventDate "2019.11.24"]
[EventType "team-tourn"]
[EventRounds "14"]
[EventCountry "ESP"]
[SourceVersionDate "2019.11.24"]
[WhiteTeam "Getafe"]
[BlackTeam "Virgen de Atocha"]
[WhiteTeamCountry "ESP"]
[BlackTeamCountry "ESP"]

1. Nf3 e6 2. b3 Nf6 3. Bb2 Be7 4. e3 O-O 5. c4 b6 6. Be2 Bb7 7. O-O d6 8. d4
Nbd7 9. Nc3 Re8 10. Nd2 c5 11. Bf3 Qb8 12. Bxb7 Qxb7 13. Qf3 Qxf3 14. Nxf3 a6
15. a4 Nb8 16. Rfd1 Nc6 17. d5 Na5 18. Ra3 h6 19. h3 Rad8 20. Rd3 e5 21. Rd1
Nh7 22. Nd2 f5 23. Ne2 g5 24. Bc3 Rc8 25. Bxa5 bxa5 26. e4 f4 27. g4 h5 28. f3
Kg7 29. Kg2 Nf6 30. Rh1 Rh8 31. Raa1 Rh6 32. Rh2 Rch8 33. Rah1 Nd7 34. Nc3 Kg6
35. Ne2 Nf6 36. Nc3 Bd8 37. Ne2 hxg4 38. hxg4 Rh4 39. Rxh4 gxh4 40. Ng1 Be7 41.
Nh3 Rg8 42. Nf2 Nh7 43. Nh3 Kf7 44. Nf2 Rg6 45. Nh3 Nf6 46. Nf2 Nh5 47. Kh3 Ng3
48. Re1 Rg8 49. Nd3 Bg5 50. Nf2 Rb8 51. Nd3 1/2-1/2

[Event "Madrid-chT 1920"]
[Site "Madrid"]
[Date "2019.12.01"]
[Round "2.1"]
[White "Garcia Cuenca, Victor Manuel"]
[Black "Moreno Trujillo, Alejandro"]
[Result "0-1"]
[WhiteElo "2375"]
[BlackElo "2503"]
[PlyCount "52"]
[EventDate "2019.11.24"]
[EventType "team-tourn"]
[EventRounds "14"]
[EventCountry "ESP"]
[SourceVersionDate "2019.11.24"]
[WhiteTeam "Liberty Chess"]
[BlackTeam "Villalba 64"]
[WhiteTeamCountry "ESP"]
[BlackTeamCountry "ESP"]

1. d4 d5 2. c4 c6 3. Nf3 Nf6 4. Nc3 e6 5. e3 Nbd7 6. Bd3 dxc4 7. Bxc4 b5 8. Bd3
Bb7 9. O-O a6 10. Qe2 c5 11. Rd1 Qb6 12. a4 c4 13. Bb1 b4 14. a5 Qc7 15. Na4
Rc8 16. Nb6 Nxb6 17. axb6 Qxb6 18. Ne5 Qc7 19. b3 cxb3 20. Bd3 Bd6 21. Bxa6
Bxa6 22. Qxa6 O-O 23. Bb2 Bxe5 24. dxe5 Ne4 25. Rac1 Nc3 26. f4 Ra8 0-1

[Event "Madrid-chT 1920"]
[Site "Madrid"]
[Date "2019.12.01"]
[Round "2.2"]
[White "Gascon del Nogal, Jose Rafael"]
[Black "Sanchez Gonzalez, Sergio"]
[Result "0-1"]
[WhiteElo "2475"]
[BlackElo "2292"]
[PlyCount "136"]
[EventDate "2019.11.24"]
[EventType "team-tourn"]
[EventRounds "14"]
[EventCountry "ESP"]
[SourceVersionDate "2019.11.24"]
[WhiteTeam "Villalba 64"]
[BlackTeam "Liberty Chess"]
[WhiteTeamCountry "ESP"]
[BlackTeamCountry "ESP"]

1. e4 c5 2. Nf3 e6 3. d4 cxd4 4. Nxd4 Nf6 5. Nc3 d6 6. g4 h6 7. Rg1 a6 8. h4 d5
9. exd5 Nxd5 10. Bd2 Nc6 11. Nxd5 Nxd4 12. Ne3 Qxh4 13. Bc3 Nb5 14. Be5 Bc5 15.
Bxb5+ axb5 16. Qd3 O-O 17. g5 hxg5 18. O-O-O Qxf2 19. Rg3 Bxe3+ 20. Rxe3 Qf5
21. Qd6 f6 22. Bc3 e5 23. Rh1 Be6 24. Re2 Rfd8 25. Qb6 Bd5 26. Rd1 Qe6 27. Ba5
Rd6 28. Qxb5 Bc4 29. Rxd6 Bxb5 30. Rxe6 Bxe2 31. Bb4 g4 32. Kd2 Bc4 33. Re7 g3
34. Rxb7 g2 35. Bc5 Rxa2 36. Kc3 Ra8 37. Rc7 Be6 38. b4 Ra1 39. b5 g1=Q 40.
Bxg1 Rxg1 41. Kb2 e4 42. b6 Rg5 43. c4 Bxc4 44. b7 Rb5+ 45. Kc3 Kh7 46. Kxc4
Rb1 47. Kd4 f5 48. Ke5 Kg6 49. Kf4 Rb5 50. Rd7 Kh6 51. Rd5 Rxb7 52. Kxf5 Re7
53. Rd6+ g6+ 54. Kf6 Re8 55. Rd2 Rf8+ 56. Ke5 e3 57. Re2 Kg5 58. Ke4 Kh4 59.
Kd4 g5 60. Rxe3 Rd8+ 61. Kc3 g4 62. Re7 g3 63. Rh7+ Kg4 64. Rg7+ Kf3 65. Rf7+
Kg2 66. Rh7 Kg1 67. Rh6 g2 68. Rf6 Rh8 0-1

[Event "Madrid-chT 1920"]
[Site "Madrid"]
[Date "2019.12.01"]
[Round "2.3"]
[White "Fernandez Garcia, Miguel Angel"]
[Black "Khamrakulov, Ibragim S"]
[Result "0-1"]
[WhiteElo "2283"]
[BlackElo "2417"]
[PlyCount "62"]
[EventDate "2019.11.24"]
[EventType "team-tourn"]
[EventRounds "14"]
[EventCountry "ESP"]
[SourceVersionDate "2019.11.24"]
[WhiteTeam "Liberty Chess"]
[BlackTeam "Villalba 64"]
[WhiteTeamCountry "ESP"]
[BlackTeamCountry "ESP"]

1. d4 Nf6 2. c4 e6 3. Nf3 b6 4. g3 Bb4+ 5. Bd2 c5 6. Bg2 Bb7 7. O-O O-O 8. Bxb4
cxb4 9. a3 Qe7 10. Qb3 Nc6 11. axb4 Nxb4 12. Rc1 Rfc8 13. Qa3 Rc7 14. b3 Ne4
15. Ne5 d5 16. f3 Nf6 17. Nc3 dxc4 18. bxc4 a5 19. Nb5 Rcc8 20. Nd3 Bc6 21.
Nxb4 axb4 22. Qb2 Rxa1 23. Rxa1 Bxb5 24. cxb5 Nd5 25. e4 Nc3 26. Bf1 h5 27. Qd2
b3 28. Qb2 Qb4 29. Ra3 Ne2+ 30. Bxe2 Qe1+ 31. Bf1 Rc2 0-1

[Event "Madrid-chT 1920"]
[Site "Madrid"]
[Date "2019.12.01"]
[Round "2.4"]
[White "Ruperez Benito, Antonio"]
[Black "Perez Gonzalez, Jose Manuel"]
[Result "1/2-1/2"]
[WhiteElo "2349"]
[BlackElo "2161"]
[PlyCount "88"]
[EventDate "2019.11.24"]
[EventType "team-tourn"]
[EventRounds "14"]
[EventCountry "ESP"]
[SourceVersionDate "2019.11.24"]
[WhiteTeam "Villalba 64"]
[BlackTeam "Liberty Chess"]
[WhiteTeamCountry "ESP"]
[BlackTeamCountry "ESP"]

1. e4 c5 2. Nf3 g6 3. d4 cxd4 4. Qxd4 Nf6 5. Nc3 Nc6 6. Qa4 d6 7. e5 dxe5 8.
Nxe5 Bd7 9. Nxd7 Nxd7 10. Bb5 Bg7 11. O-O O-O 12. Rd1 Qc8 13. Nd5 Nb6 14. Nxb6
axb6 15. Qc4 Rd8 16. Rxd8+ Qxd8 17. c3 Na7 18. Be3 Rc8 19. Qe2 Nxb5 20. Qxb5
Rc6 21. a4 Rd6 22. Qb3 e6 23. Kf1 Bf8 24. Ke2 Qh4 25. h3 Qh5+ 26. Ke1 Qa5 27.
Rd1 Rxd1+ 28. Qxd1 b5 29. axb5 Qxb5 30. Qe2 Qd5 31. f3 Bc5 32. b4 Bxe3 33. Qxe3
h5 34. Qe4 Qb3 35. Qd3 Qb2 36. Qd2 Qb3 37. Kf2 h4 38. Qd8+ Kg7 39. Qd4+ Kg8 40.
f4 Qc2+ 41. Kf3 b5 42. Qd8+ Kg7 43. Qd4+ Kg8 44. Qd8+ Kg7 1/2-1/2

[Event "Madrid-chT 1920"]
[Site "Madrid"]
[Date "2019.12.01"]
[Round "2.6"]
[White "Lopez del Alamo, Antonio"]
[Black "Barraza Caracuel, Ignacio"]
[Result "1/2-1/2"]
[WhiteElo "2262"]
[BlackElo "2125"]
[PlyCount "61"]
[EventDate "2019.11.24"]
[EventType "team-tourn"]
[EventRounds "14"]
[EventCountry "ESP"]
[SourceVersionDate "2019.11.24"]
[WhiteTeam "Villalba 64"]
[BlackTeam "Liberty Chess"]
[WhiteTeamCountry "ESP"]
[BlackTeamCountry "ESP"]

1. e4 e5 2. Bc4 Nf6 3. d3 Bc5 4. Nf3 d6 5. O-O Bg4 6. c3 O-O 7. h3 Bh5 8. Re1
Nc6 9. Nbd2 d5 10. exd5 Nxd5 11. Ne4 Be7 12. Ng3 Bg6 13. Nxe5 Nxe5 14. Rxe5 Nb6
15. Bb3 Kh8 16. d4 Bd6 17. Re1 f5 18. Qf3 Qh4 19. Bd1 c6 20. Nf1 Rae8 21. Rxe8
Rxe8 22. b3 Nd5 23. Bd2 Nf6 24. Bc2 Bh5 25. g3 Qxh3 26. Qxf5 Bg4 27. Qd3 h5 28.
Bg5 Be2 29. Qf5 Bg4 30. Qd3 Be2 31. Qf5 1/2-1/2

[Event "Madrid-chT 1920"]
[Site "Madrid"]
[Date "2019.12.14"]
[Round "3.1"]
[White "Moreno Trujillo, Alejandro"]
[Black "Martinez Reyes, Pedro Ramon"]
[Result "1/2-1/2"]
[WhiteElo "2503"]
[BlackElo "2408"]
[PlyCount "130"]
[EventDate "2019.11.24"]
[EventType "team-tourn"]
[EventRounds "14"]
[EventCountry "ESP"]
[SourceVersionDate "2019.11.24"]
[WhiteTeam "Villalba 64"]
[BlackTeam "Blanco y Negro"]
[WhiteTeamCountry "ESP"]
[BlackTeamCountry "ESP"]

1. d4 Nf6 2. Bf4 g6 3. Nc3 Bg7 4. e4 d6 5. Qd2 O-O 6. Bh6 Nc6 7. Nge2 Bxh6 8.
Qxh6 e5 9. d5 Ng4 10. Qd2 Qh4 11. g3 Qf6 12. Ng1 Nd4 13. h3 Qf3 14. Nxf3 Nxf3+
15. Ke2 Nxd2 16. Kxd2 Nf6 17. Ke3 c6 18. Rd1 cxd5 19. Nxd5 Nxd5+ 20. Rxd5 Rd8
21. Rb5 Rb8 22. Bc4 Be6 23. Bxe6 fxe6 24. Rd1 Rd7 25. Rd3 Kf7 26. Ra3 a6 27.
Rb6 Rc8 28. Rab3 Rxc2 29. Rxb7 Rxb7 30. Rxb7+ Kf6 31. Rb6 a5 32. h4 h5 33. a4
Ke7 34. Rb7+ Kf6 35. Rb5 g5 36. hxg5+ Kxg5 37. Rb6 Kf6 38. Rxd6 Rxb2 39. Ra6
Rb3+ 40. Kd2 Rb2+ 41. Ke3 Rb3+ 42. Ke2 Rb4 43. Rxa5 Rxe4+ 44. Kf3 Rb4 45. Ra8
Rb3+ 46. Ke4 Rb4+ 47. Kd3 Rb2 48. a5 Kg7 49. Ke3 Rb3+ 50. Ke4 Rb2 51. Kf3 Rb3+
52. Ke2 Rb2+ 53. Kf1 Rb1+ 54. Kg2 e4 55. a6 Re1 56. a7 Kh7 57. Kh3 Rh1+ 58. Kg2
Ra1 59. Re8 Rxa7 60. Rxe6 Ra4 61. Rf6 Ra1 62. Rf4 Re1 63. g4 e3 64. fxe3 Rxe3
65. gxh5 Kh6 1/2-1/2

[Event "Madrid-chT 1920"]
[Site "Madrid"]
[Date "2019.12.14"]
[Round "3.2"]
[White "Sanchez Saez, Francisco"]
[Black "Gascon del Nogal, Jose Rafael"]
[Result "1/2-1/2"]
[WhiteElo "2337"]
[BlackElo "2475"]
[PlyCount "85"]
[EventDate "2019.11.24"]
[EventType "team-tourn"]
[EventRounds "14"]
[EventCountry "ESP"]
[SourceVersionDate "2019.11.24"]
[WhiteTeam "Blanco y Negro"]
[BlackTeam "Villalba 64"]
[WhiteTeamCountry "ESP"]
[BlackTeamCountry "ESP"]

1. e4 c6 2. d4 d5 3. e5 Bf5 4. Nc3 h6 5. Nge2 e6 6. Ng3 Bh7 7. Bd3 Bxd3 8. Qxd3
a6 9. O-O c5 10. dxc5 Nd7 11. Na4 Nxc5 12. Nxc5 Bxc5 13. Be3 Bxe3 14. Qxe3 Rc8
15. Rad1 Qa5 16. Qa7 Qc7 17. c4 Ne7 18. cxd5 Nxd5 19. Qd4 Qc4 20. Qxc4 Rxc4 21.
Rc1 Rxc1 22. Rxc1 Ke7 23. Ne4 Rd8 24. g3 b6 25. a3 f5 26. Nd6 Kd7 27. b4 Rf8
28. b5 axb5 29. Nxb5 Ra8 30. Rc4 g5 31. a4 g4 32. Nd4 Ne7 33. Rb4 Nc6 34. Rxb6
Nxe5 35. Kg2 Rxa4 36. Nxe6 Nf3 37. Nf4 Ne1+ 38. Kf1 Nf3 39. Rxh6 Ra1+ 40. Ke2
Ra2+ 41. Ke3 Ra3+ 42. Ke2 Ra2+ 43. Ke3 1/2-1/2

[Event "Madrid-chT 1920"]
[Site "Madrid"]
[Date "2019.12.14"]
[Round "3.3"]
[White "Valles Moreno, Ivan"]
[Black "Renteria Becerra, Jorge Elicer"]
[Result "0-1"]
[WhiteElo "2410"]
[BlackElo "2279"]
[PlyCount "97"]
[EventDate "2019.11.24"]
[EventType "team-tourn"]
[EventRounds "14"]
[EventCountry "ESP"]
[SourceVersionDate "2019.11.24"]
[WhiteTeam "Villalba 64"]
[BlackTeam "Blanco y Negro"]
[WhiteTeamCountry "ESP"]
[BlackTeamCountry "ESP"]

1. Nf3 Nf6 2. c4 g6 3. Nc3 Bg7 4. e4 d6 5. d4 Bg4 6. Be2 O-O 7. Be3 Nfd7 8. d5
Bxf3 9. gxf3 e5 10. dxe6 fxe6 11. h4 Nc6 12. h5 g5 13. Qd2 h6 14. f4 gxf4 15.
Bxf4 Kh7 16. Rg1 Bxc3 17. Qxc3 Qf6 18. Qxf6 Nxf6 19. Be3 Rg8 20. O-O-O Rxg1 21.
Rxg1 Rg8 22. Rxg8 Kxg8 23. Bxh6 Nxe4 24. Be3 a6 25. h6 Ne5 26. Kd1 Nf6 27. Ke1
Kh7 28. Bg5 Ng8 29. f4 Ng6 30. Bg4 Nf8 31. f5 e5 32. Bh5 Nxh6 33. Be7 Kg8 34.
f6 Ne6 35. Bf3 b6 36. Bb7 Kf7 37. Bxa6 Ng8 38. b4 Nxe7 39. fxe7 c5 40. b5 Kxe7
41. Bb7 Nf4 42. Kd2 d5 43. a4 Kd6 44. Ke3 dxc4 45. Be4 c3 46. Bh7 c4 47. Be4
Kc5 48. Bc6 Ne6 49. Ke2 0-1

[Event "Madrid-chT 1920"]
[Site "Madrid"]
[Date "2019.12.14"]
[Round "3.4"]
[White "Alarcia Astiz, Carlos"]
[Black "Guerrero Vargas, Andres Jesus"]
[Result "0-1"]
[WhiteElo "2280"]
[BlackElo "2334"]
[PlyCount "72"]
[EventDate "2019.11.24"]
[EventType "team-tourn"]
[EventRounds "14"]
[EventCountry "ESP"]
[SourceVersionDate "2019.11.24"]
[WhiteTeam "Blanco y Negro"]
[BlackTeam "Villalba 64"]
[WhiteTeamCountry "ESP"]
[BlackTeamCountry "ESP"]

1. e4 e5 2. Nf3 Nc6 3. Bc4 Nf6 4. d3 Bc5 5. O-O d6 6. c3 a6 7. Bb3 Ba7 8. Nbd2
h6 9. Nc4 O-O 10. h3 Ne7 11. Re1 Ng6 12. d4 exd4 13. Nxd4 Re8 14. Bc2 Bd7 15.
a4 Qc8 16. Nf5 d5 17. Nce3 dxe4 18. Ng3 Nh4 19. Kh2 c6 20. Qe2 Qc7 21. a5 Rad8
22. Nc4 Nf5 23. Be3 c5 24. Rad1 Bb8 25. Rh1 Nxg3 26. fxg3 Qxg3+ 27. Kg1 Bb5 28.
Bxc5 Rxd1+ 29. Bxd1 e3 30. Bb3 Ne4 31. Bxe3 Bxc4 32. Bxc4 Nd6 33. Bf2 Qf4 34.
Bxf7+ Qxf7 35. Qd3 Ne4 36. Bd4 Ng3 0-1

[Event "Madrid-chT 1920"]
[Site "Madrid"]
[Date "2019.12.14"]
[Round "3.5"]
[White "Lopez del Alamo, Antonio"]
[Black "Hidalgo Duque, Carlos"]
[Result "1-0"]
[WhiteElo "2262"]
[BlackElo "2258"]
[PlyCount "72"]
[EventDate "2019.11.24"]
[EventType "team-tourn"]
[EventRounds "14"]
[EventCountry "ESP"]
[SourceVersionDate "2019.11.24"]
[WhiteTeam "Villalba 64"]
[BlackTeam "Blanco y Negro"]
[WhiteTeamCountry "ESP"]
[BlackTeamCountry "ESP"]

1. e4 c5 2. Nf3 d6 3. d4 cxd4 4. Nxd4 Nf6 5. Nc3 a6 6. Be2 e6 7. O-O Be7 8. f4
O-O 9. Be3 Nc6 10. Kh1 Bd7 11. Qe1 Nxd4 12. Bxd4 Bc6 13. Qg3 b5 14. a3 Qd7 15.
Bd3 Qb7 16. Rae1 b4 17. Nd1 bxa3 18. bxa3 Rad8 19. Nf2 Nh5 20. Qg4 g6 21. Rb1
Qc8 22. Qe2 Nxf4 23. Ng4 e5 24. Rxf4 exd4 25. Qf2 Qe6 26. Qxd4 h5 27. Nf6+ Bxf6
28. Rxf6 Qg4 29. Rbf1 Bb5 30. Bxb5 axb5 31. Qd5 Rd7 32. R1f4 Qe2 33. Rxg6+ Kh7
34. Rgf6 Re7 35. Qf5+ Kg7 36. Qg5+ Kh7 1-0

[Event "Madrid-chT 1920"]
[Site "Madrid"]
[Date "2019.12.14"]
[Round "3.6"]
[White "Bento Iglesias, Pablo"]
[Black "Aymerich Verdaguer, Eduard"]
[Result "0-1"]
[WhiteElo "1942"]
[BlackElo "2229"]
[PlyCount "189"]
[EventDate "2019.11.24"]
[EventType "team-tourn"]
[EventRounds "14"]
[EventCountry "ESP"]
[SourceVersionDate "2019.11.24"]
[WhiteTeam "Blanco y Negro"]
[BlackTeam "Villalba 64"]
[WhiteTeamCountry "ESP"]
[BlackTeamCountry "ESP"]

1. e4 c5 2. c3 d5 3. exd5 Qxd5 4. d4 Nc6 5. Nf3 Bg4 6. Be2 cxd4 7. cxd4 e6 8.
O-O Nf6 9. Nc3 Qd8 10. Be3 Bd6 11. a3 O-O 12. b4 Rc8 13. Qb3 Bb8 14. Rfd1 Ne7
15. h3 Bh5 16. Bg5 Nfd5 17. Bxe7 Nxe7 18. d5 Nxd5 19. Nxd5 exd5 20. Rxd5 Qf6
21. Re1 Rc3 22. Qd1 Bxf3 23. Bxf3 Rxa3 24. Qc2 Qf4 25. Re4 Qh2+ 26. Kf1 g6 27.
Ke2 Ra1 28. Rd1 Rxd1 29. Qxd1 Bc7 30. Qd7 Bb6 31. Re8 Qf4 32. Rxf8+ Kxf8 33.
Qd2 Qc4+ 34. Ke1 Bd4 35. Be2 Qc3 36. Bd3 Bxf2+ 37. Ke2 Qxd2+ 38. Kxd2 Ke7 39.
Be4 b6 40. b5 Kd6 41. Ke2 Bg1 42. g4 Kc5 43. Bd3 Kd4 44. Bb1 Kc4 45. Bd3+ Kc3
46. h4 h6 47. h5 gxh5 48. gxh5 Bd4 49. Bh7 Bf6 50. Bf5 Bg5 51. Bc8 Kc4 52. Ba6
f5 53. Kf3 Bc1 54. Kg3 f4+ 55. Kg4 Be3 56. Kf3 Kd3 57. Bc8 Kd4 58. Bd7 Ke5 59.
Bc6 Kd6 60. Be8 Kd5 61. Bd7 Kc5 62. Ke4 Kc4 63. Bc6 Kb4 64. Be8 Ka5 65. Bc6 a6
66. bxa6 Kxa6 67. Kd3 Ka7 68. Kc4 Kb8 69. Bf3 Kc7 70. Kd5 b5 71. Be2 Kb6 72.
Ke4 Kc5 73. Bd1 Kb4 74. Kd3 Ka3 75. Kc2 b4 76. Bf3 b3+ 77. Kb1 b2 78. Bd5 Bd2
79. Kc2 Bc1 80. Kb1 Kb4 81. Kc2 Kc5 82. Ba2 Kd4 83. Kd1 Ke3 84. Ke1 Kf3 85. Bb1
Kg2 86. Be4+ f3 87. Kd1 Kf2 88. Kc2 Ke3 89. Bc6 f2 90. Bb5 Kf3 91. Bf1 Kg3 92.
Bd3 Kh2 93. Be2 Kg1 94. Bf1 Kxf1 95. Kd1 0-1

[Event "Madrid-chT 1920"]
[Site "Madrid"]
[Date "2019.12.15"]
[Round "3.2"]
[White "Sanchez Gonzalez, Sergio"]
[Black "Pulvett Marin, Daniel Eduardo"]
[Result "1/2-1/2"]
[WhiteElo "2292"]
[BlackElo "2487"]
[PlyCount "118"]
[EventDate "2019.11.24"]
[EventType "team-tourn"]
[EventRounds "14"]
[EventCountry "ESP"]
[SourceVersionDate "2019.11.24"]
[WhiteTeam "Liberty Chess"]
[BlackTeam "Collado Villalba"]
[WhiteTeamCountry "ESP"]
[BlackTeamCountry "ESP"]

1. c4 c6 2. e4 d5 3. exd5 cxd5 4. d4 Nf6 5. Nc3 Nc6 6. Nf3 g6 7. cxd5 Nxd5 8.
Bc4 Nxc3 9. bxc3 Bg7 10. O-O O-O 11. Re1 Na5 12. Bf1 b6 13. Ba3 Bf6 14. Ne5 Be6
15. Qf3 Qc7 16. Bb4 Rfd8 17. Ng4 Bxg4 18. Qxg4 Nc6 19. Ba3 e6 20. Qf3 Bg7 21.
Bc1 Na5 22. Bg5 Rd5 23. Bf4 Qc6 24. Bd3 Qxc3 25. Rac1 Qb4 26. Be4 Rxd4 27. Bxa8
Rxf4 28. Rc8+ Bf8 29. Qe2 Kg7 30. Qe5+ Rf6 31. Rd1 Nc4 32. Qb8 Bc5 33. Rg8+ Kh6
34. Qd8 Qb2 35. Kh1 Qxf2 36. h3 Ne3 37. Rg1 Ng4 38. Qd1 Rf4 39. Qe1 Qxe1 40.
Rxe1 Nf2+ 41. Kh2 Nd3 42. Rd1 Rd4 43. g4 Bd6+ 44. Kg1 Kg5 45. Rg7 Bc5 46. Kh2
Bd6+ 47. Kg1 f5 48. gxf5 exf5 49. Rxh7 a5 50. Bf3 Ne5 51. Be2 Re4 52. Rxd6 Rxe2
53. Rxb6 Rxa2 54. Rb3 a4 55. Rc3 f4 56. Re7 Kf6 57. Ra7 Kf5 58. Re7 Re2 59. Kf1
Re4 1/2-1/2

[Event "Madrid-chT 1920"]
[Site "Madrid"]
[Date "2019.12.15"]
[Round "3.3"]
[White "Quispe Arteaga, Gabriel"]
[Black "Fernandez Garcia, Miguel Angel"]
[Result "1-0"]
[WhiteElo "2407"]
[BlackElo "2283"]
[PlyCount "109"]
[EventDate "2019.11.24"]
[EventType "team-tourn"]
[EventRounds "14"]
[EventCountry "ESP"]
[SourceVersionDate "2019.11.24"]
[WhiteTeam "Collado Villalba"]
[BlackTeam "Liberty Chess"]
[WhiteTeamCountry "ESP"]
[BlackTeamCountry "ESP"]

1. Nf3 d5 2. d4 Nf6 3. c4 dxc4 4. e3 g6 5. Bxc4 Bg7 6. Nc3 O-O 7. O-O a6 8. a4
Nc6 9. h3 Ne8 10. Qe2 Nd6 11. Bd5 Nb4 12. Bb3 a5 13. Nb5 c6 14. Nxd6 exd6 15.
Bd2 d5 16. Bxb4 axb4 17. Rfc1 Re8 18. Qd2 Bf8 19. Ne1 Bd6 20. Bc2 Qg5 21. Kf1
Re6 22. f4 Qe7 23. Kf2 Qh4+ 24. g3 Qd8 25. b3 Bd7 26. Nf3 Re7 27. h4 Qa5 28. h5
Kg7 29. hxg6 hxg6 30. Rh1 Ree8 31. f5 Qc7 32. Kg2 Rh8 33. fxg6 fxg6 34. Nh4
Bxg3 35. Qd3 Be8 36. Nxg6 Qf7 37. Nf4 Bxf4 38. Rxh8 Kxh8 39. exf4 Kg7 40. Qg3+
Kf8 41. Re1 Rd8 42. Re5 Rd6 43. Qe1 Bd7 44. Qxb4 Qf6 45. Kg3 Qh6 46. Bf5 Kg8
47. Bxd7 Rxd7 48. Rg5+ Kf7 49. Qd2 Re7 50. Qd3 Re4 51. Rf5+ Kg8 52. Qf3 Re7 53.
Qg4+ Rg7 54. Rg5 Kf8 55. Qc8+ 1-0

[Event "Madrid-chT 1920"]
[Site "Madrid"]
[Date "2019.12.15"]
[Round "3.4"]
[White "Perez Gonzalez, Jose Manuel"]
[Black "Suarez Uriel, Adrian"]
[Result "1/2-1/2"]
[WhiteElo "2161"]
[BlackElo "2389"]
[PlyCount "91"]
[EventDate "2019.11.24"]
[EventType "team-tourn"]
[EventRounds "14"]
[EventCountry "ESP"]
[SourceVersionDate "2019.11.24"]
[WhiteTeam "Liberty Chess"]
[BlackTeam "Collado Villalba"]
[WhiteTeamCountry "ESP"]
[BlackTeamCountry "ESP"]

1. e4 c5 2. Nf3 Nc6 3. d4 cxd4 4. Nxd4 Nf6 5. Nc3 e5 6. Ndb5 d6 7. Bg5 a6 8.
Na3 b5 9. Bxf6 gxf6 10. Nd5 f5 11. Bd3 Be6 12. O-O Bxd5 13. exd5 Ne7 14. c3 Bg7
15. Qh5 e4 16. Bc2 O-O 17. Rae1 Qb6 18. Kh1 Rae8 19. f3 Nxd5 20. fxe4 Ne3 21.
Rf3 Re5 22. Rexe3 f4 23. Qg4 f5 24. Qxf4 fxe4 25. Bb3+ d5 26. Bxd5+ Rxd5 27.
Qxe4 Rfd8 28. h3 Re5 29. Qf4 Rxe3 30. Rxe3 Rf8 31. Qg3 Rf1+ 32. Kh2 h5 33. Nc2
h4 34. Qxh4 Be5+ 35. Rg3+ Bxg3+ 36. Qxg3+ Kf8 37. Nd4 Qf6 38. Qb8+ Kg7 39. Qg3+
Kh7 40. Nf3 Kh6 41. h4 a5 42. Qb8 a4 43. Kg3 Qg7+ 44. Kh2 Qf6 45. Kg3 Qg7+ 46.
Kh2 1/2-1/2

[Event "Madrid-chT 1920"]
[Site "Madrid"]
[Date "2019.12.15"]
[Round "3.5"]
[White "Lianes Garcia, Marcos"]
[Black "Paredes Sanchez, Juan Antonio"]
[Result "1-0"]
[WhiteElo "2340"]
[BlackElo "2149"]
[PlyCount "59"]
[EventDate "2019.11.24"]
[EventType "team-tourn"]
[EventRounds "14"]
[EventCountry "ESP"]
[SourceVersionDate "2019.11.24"]
[WhiteTeam "Collado Villalba"]
[BlackTeam "Liberty Chess"]
[WhiteTeamCountry "ESP"]
[BlackTeamCountry "ESP"]

1. d4 Nf6 2. c4 g6 3. Nc3 Bg7 4. e4 d6 5. Be2 O-O 6. Be3 e5 7. d5 Na6 8. g4 Nc5
9. f3 a5 10. h4 c6 11. h5 cxd5 12. cxd5 Bd7 13. Qd2 Qe8 14. Nh3 b5 15. Nf2 b4
16. Ncd1 Rc8 17. Rc1 Qe7 18. Bc4 Rc7 19. b3 Rfc8 20. Nb2 Be8 21. Nfd3 Ncxe4 22.
fxe4 Nxe4 23. Qg2 Nc3 24. hxg6 fxg6 25. Nd1 e4 26. Nf4 Bf7 27. Qh2 h6 28. Nxc3
bxc3 29. Ne2 g5 30. Nd4 1-0

[Event "Madrid-chT 1920"]
[Site "Madrid"]
[Date "2019.12.15"]
[Round "3.6"]
[White "Barraza Caracuel, Ignacio"]
[Black "Pablos Tenrero, Raquel"]
[Result "1-0"]
[WhiteElo "2125"]
[BlackElo "2010"]
[PlyCount "63"]
[EventDate "2019.11.24"]
[EventType "team-tourn"]
[EventRounds "14"]
[EventCountry "ESP"]
[SourceVersionDate "2019.11.24"]
[WhiteTeam "Liberty Chess"]
[BlackTeam "Collado Villalba"]
[WhiteTeamCountry "ESP"]
[BlackTeamCountry "ESP"]

1. d4 Nf6 2. c4 e6 3. Nc3 Bb4 4. Qb3 Bxc3+ 5. Qxc3 d5 6. Nf3 Ne4 7. Qc2 O-O 8.
e3 Nd7 9. Bd3 f5 10. O-O Rf6 11. Ne5 Rh6 12. g3 c6 13. f3 Nxe5 14. dxe5 Nc5 15.
Be2 Qb6 16. Bd2 Nd7 17. Qc3 Qc7 18. e4 Rg6 19. Bf4 Nf8 20. cxd5 c5 21. exf5
exf5 22. Bc4 Qd7 23. e6 Qe8 24. a4 a6 25. a5 Rf6 26. Rfe1 Kh8 27. Be5 Rg6 28.
Re2 b5 29. axb6 Bb7 30. Rae1 Rd8 31. e7 Qxe7 32. Bc7 1-0